LEADER 00857nam0-22002651i-450- 001 990002207530403321 005 20070227121435.0 035 $a000220753 035 $aFED01000220753 035 $a(Aleph)000220753FED01 035 $a000220753 100 $a20030910d1971----km-y0itay50------ba 101 0 $aeng 200 1 $aHazards of medication$ea manual on drug interactions, incompatibilities, contraindications, and adverse effects$fEric W. Martin$geditors, Stewart F. Alexander ... [et al.] 210 $aPhiladelphia$cJ.B. Lippincott$d1971 215 $axiv, 895 p.$d26 cm 700 1$aMartin,$bEric W.$089754 702 1$aAlexander,$bStewart F. 801 0$aIT$bUNINA$gRICA$2UNIMARC 901 $aBK 912 $a990002207530403321 952 $a80 XXIV 18$b42$fFFABC 959 $aFFABC 996 $aHazards of medication$9395950 997 $aUNINA LEADER 01315nam2-2200397---450 001 990005700900203316 005 20190403125010.0 035 $a000570090 035 $aUSA01000570090 035 $a(ALEPH)000570090USA01 035 $a000570090 100 $a20061129d2003----|||y0itaa50------ba 101 $aspa$alat 102 $aes 105 $a0 00||| 200 1 $a<<10.: >> Historia de Carlos 5.$eLibros 11.-15.$fJuan Gines de Sepulveda$gedicion critica, traduccion y estudio filologico J. Costas Rodriguez, M. Trascasas Casares$gestudio historico y notas B. Cuart Moner 210 $aPzoblanco$cExcmo$d2003 215 $aCLIX, 194 p. compless.$d24 cm. 461 0$1001000570081$12001$aObras completas$v10 620 $dPOZOBLANCO 676 $a946.04 700 1$aSEPULVEDA,$bJuan Ginés : de$0386940 702 1$aCUART MONER,$bBaltasar 702 1$aCOSTAS RODRÍGUEZ,$bJenaro 702 1$aTRASCASAS CASARES,$bMercedes 801 0$aIT$bSA$c20111219 912 $a990005700900203316 950 0$aDipar.to di Filosofia - Salerno$dDFAA 946.04 SEP$e8216 FIL 951 $aAA 946.04 SEP$b8216 FIL 959 $aBK 969 $aFIL 979 $c20121027$lUSA01$h1526 979 $c20121027$lUSA01$h1615 996 $aHistoria de Carlos 5$91083859 997 $aUNISA NUM $aSA0018760